000 00577nam a2200193 4500
001 144191
003 ES-MaACL
005 20250806063133.0
007 t|
008 070214s1946 ag r ||||1| spa d
100 1 _aSinclair, Upton,
_d1878-1968
_9106614
245 1 0 _aBoston /
_cUpton Sinclair ; traducción de F. Alaiz.
260 _aBuenos Aires :
_bRenacimiento,
_c[1946] (
_fMacland)
300 _a666 p. ;
_c24 cm.
700 1 _aAlaiz, F.
_919090
852 _aES-MaACL
_jC-5884
_bR.30130
852 _aES-MaACL
_jD-6744
_bR.31998
999 _c144191
_d144191